| 000 | 01678nam a22002177a 4500 | ||
|---|---|---|---|
| 005 | 20250123113924.0 | ||
| 008 | 250106b ||||| |||| 00| 0 eng d | ||
| 020 | _a9780091929787 | ||
| 040 | _cAL | ||
| 041 | _aEnglish | ||
| 082 |
_223 _a158.1 _bFRIR |
||
| 100 |
_aJason Fried _9194838 |
||
| 245 | _aRework: Change the Way You Work Forever | ||
| 260 |
_aLondon _bVermilion _c2010 |
||
| 300 |
_avii,279 p. _bPB _c21.5x13.5 cm. |
||
| 365 |
_aHYD8-7023045 _b₹424.32 _c₹ _d₹442.00 _e17.68 _f17-12-2024 |
||
| 520 | _aFrom the founders of the trailblazing software company 37signals, here is a different kind of business book - one that explores a new reality. Today, anyone can be in business. Tools that used to be out of reach are now easily accessible. Technology that cost thousands is now just a few pounds or even free. Stuff that was impossible just a few years ago is now simple. That means anyone can start a business. And you can do it without working miserable 80-hour weeks or depleting your life savings. You can start it on the side while your day job provides all the cash flow you need. Forget about business plans, meetings, office space - you don't need them. With its straightforward language and easy-is-better approach, "Rework" is the perfect playbook for anyone who's ever dreamed of doing it on their own. Hardcore entrepreneurs, small-business owners, people stuck in day jobs who want to get out, and artists who don't want to starve anymore will all find valuable inspiration and guidance in these pages. It's time to rework work. | ||
| 650 |
_aNew business enterprises _9192167 |
||
| 700 |
_aDavid Heinemeier Hansson _9192168 |
||
| 942 |
_2ddc _cBK |
||
| 999 |
_c233499 _d233499 |
||